World Cities to Country - Statistics

General Stats
  • This quiz has been taken 1,245 times
  • The average score is 16 of 20
Answer Stats
Hint Answer % Correct
Marseille France
97%
Darwin Australia
92%
Bremen Germany
92%
Albuquerque United States
91%
Calgary Canada
90%
Kathmandu Nepal
90%
Chengdu China
87%
Quito Ecuador
86%
Sapporo Japan
86%
Zaragoza Spain
86%
Gothenburg Sweden
83%
Donetsk Ukraine
81%
Khartoum Sudan
80%
Recife Brazil
78%
Izmir Turkey
77%
Sucre Bolivia
74%
Antananarivo Madagascar
73%
Port of Spain Trinidad & Tobago
71%
Kampala Uganda
67%
Ashgabat Turkmenistan
65%
No matching quizzes found
Score Distribution
Percent of People with Each Score
Percentile by Number Answered
Your Score History
You have not taken this quiz